000 01202nam a22002297a 4500
999 _c63874
_d63874
003 Ge_BSU
005 20260211111335.0
008 260211s1991 ge ||||| |||| 00| 0 geo d
041 _ageo
080 _a911.3:33(075.3) ე-49
245 _aეკონომიკური და სოციალური გეოგრაფია :
_bზოგადსაგანმ. საშ. სკოლის მე-8-9 კლასებისათვის /
_c[შემდგ.: მ. დევდარიანი და სხვ.].
264 _aთბ. :
_bგანათლება,
_c1991.
300 _a120 გვ. ;
_b20 სმ.
653 _aეკონომიკური გეოგრაფია
653 _aსოციალური გეოგრაფია
700 _aდევდარიანი, მ.
_e შემდგ.
_926867
700 _aდარჩიაშვილი, ნ.
_eშემდგ.
_926868
700 _aეცეტაძე, ი.
_eშემდგ.
_926869
700 _aკვერენჩხილაძე, ლ.
_eშემდგ.
_926870
700 _aჯიბუტი, დ.
_eშემდგ.
_926871
942 _2udc
_cᲬᲘᲒᲜᲘ